Hoá vô cơ : Các nguyên tố không chuyển tiếp. tII /

Đã lưu trong:
书目详细资料
主要作者: Nguyễn Thị Tố Nga
格式: Sách giấy
语言:Vietnamese
出版: Tp.HCM : ĐHQG, 2001
标签: 添加标签
没有标签, 成为第一个标记此记录!
Thư viện lưu trữ: Thư viện Trường Đại học Đà Lạt
LEADER 00668nam a2200277 4500
001 DLU040025992
005 ##20040217
040 # # |a DLU  |b vie 
041 # # |a vie 
044 # # |a vn 
082 # # |a 546  |b NG-N 
100 # # |a Nguyễn Thị Tố Nga 
245 # # |a Hoá vô cơ :  |b Các nguyên tố không chuyển tiếp.  |n tII /  |c Nguyễn Thị Tố Nga 
260 # # |a Tp.HCM :  |b ĐHQG,  |c 2001 
300 # # |a 225 tr. :  |b minh hoạ;  |c 20 cm 
990 # # |a tII 
992 # # |a 19200 
994 # # |a DLU 
900 # # |a True 
911 # # |a Nguyễn Thị Tố Hạnh 
925 # # |a G 
926 # # |a A 
927 # # |a SH 
980 # # |a Thư viện Trường Đại học Đà Lạt